| 000 | 01586 a2200277 4500 | ||
|---|---|---|---|
| 001 | 60961 | ||
| 005 | 20260407155859.0 | ||
| 008 | 260407a1987 arg spa d | ||
| 003 | AR-UNSa-BCEJYS | ||
| 040 |
_aAR-UNSa-BCEJYS _bspa _cAR-UNSa-BCEJYS |
||
| 080 |
_a342.24 _xFederalismo. Sistema federal. Estados federales. Estados autonómicos. Repúblicas autónomas (Derecho Público Provincial) |
||
| 245 | 1 | 0 | _aDerecho público provincial |
| 264 | 1 |
_aBuenos Aires : _bEdiciones Depalma _c1987 |
|
| 300 |
_axix, 418 p. _c23 cm. |
||
| 505 | _a1. Derecho público provincial - 2. Autonomía y dependencia en las provincias - 3. El poder constituyente en las provincias - 4. El Estado Provincial - 5. La Provincia en la Nación - 6. La Región - 7. Los derechos y garantías en las constituciones provinciales - 8. Sistemas electorales - 9. Poder Legislativo en las provincias - 10. El Poder Ejecutivo en las provincias - 11. Poder Judicial - 12. Juicio Político y Jury de Enjuiciamiento - 13. Dominio y Jurisdicción de la Nación y las provincias - 14. Régimen Financiero - 15. Servicios provinciales - 16. La Regla Federal en La Constitución - 17. Federalismo como sistema - 18. Metrópoli y país: una relación a equilibrar - | ||
| 041 | _aspa | ||
| 942 | _cBK | ||
| 590 | _aniveau_biblio:m niveau_hierar:0 | ||
| 100 | 1 | _aFrías, Pedro José | |
| 700 | 1 | _aBerardo, Rodolfo | |
| 700 | 1 | _aCordeiro Pinto, Luis | |
| 700 | 1 | _aHernández, Antonio María (h) | |
| 700 | 1 | _aIturrez, Arturo Horacio | |
| 700 | 1 | _aVergara, Ricardo Alberto | |
| 700 | 1 | _aZarza Mensaque, Alberto | |
| 999 |
_c7151 _d7151 |
||